Statistics for Car logos

Click here to take the quiz!

General Stats

  • This quiz has been taken 49 times
  • The average score is 15 of 16

Answer Stats

Answer% Correct
BMW
100%
Audi
98%
Jaguar
98%
Lexus
98%
Volkswagen
98%
Bentley
95%
Lamborghini
95%
Mustang
91%
Subaru
91%
Maserati
89%
Volvo
89%
Dodge
86%
Porsche
86%
Alfa Romeo
80%
Infiniti
80%
Cadillac
77%

Score Distribution

Percentile by Number Answered

Percent of People with Each Score

Your Score History

You have not taken this quiz